000 00843nas a2200277 4500
001 BR2012005817
003 BR-BrBNA
005 20231205121037.0
007 ta
008 230509b bl.|||p| |||| 00| 00por d
040 _aBR-BrBNA
_bpor
_cBiblioteca Nacional de Agricultura
041 _a(Pt)
072 _aP10; F04; F06
100 1 _aMaia, C.E.
100 1 _aRodrigues, K.K.R.P.
100 1 _aLacerda, V. da S.
111 1 _a4º WINOTEC
_cFortaleza, CE (Brazil)
_d28-31 May 2012
245 1 _aRelação entre bicarbonato e cloreto em águas para fins de irrigação
650 _aQUALIDADE DA ÁGUA
650 _aSALINIDADE
650 _aALCALINIDADE
650 _aPH
773 0 _tIrriga (Brazil)
_xISSN 1808-3765
_g(2012), nº. 1 p. 206-219
_wBR2012005817
909 _a202311
_bLúcia
_c55
_dLúcia Elande
942 _2AGRIS
_n0
_cANA
999 _c221579
_d221579